Logo BPK

Biblioteka

Politechniki Koszalińskiej

Personalized computational skills program : (Rekord nr 35345)

Szczegóły MARC
000 -ETYKIETA REKORDU
podpole kontrolne o stałej długości 00778nam a2200253 i 4500
001 - NUMER KONTROLNY REKORDU
pole kontrolne bg
020 ## - MIĘDZYNARODOWY ZNORMALIZOWANY NUMER KSIĄŻKI - ISBN
ISBN 0395299985
040 ## - ŹRÓDŁO KATALOGOWANIA
Instytucja, która utworzyła rekord BPK
041 ## - KOD JĘZYKA
Kod języka tekstu en
080 ## - UNIWERSALNA KLASYFIKACJA DZIESIĘTNA - UKD
UKD 51:311
920 ## - Międzynarodowy znormalizowany numer książki – ISBN
ISBN 0-395-29998-5
008 - POLE O STAŁEJ DŁUGOŚCI - DANE KONTROLNE
podpole kontrolne o stałej długości s pl f |000 0 pol
100 1# - NAZWA OSOBOWA
Nazwa osobowa SHAW, Bryce R.
245 #0 - TYTUŁ/ODPOWIEDZIALNOŚĆ
Tytuł Personalized computational skills program :
Ciąg dalszy tytułu module E : special skills with applications /
Pozostałe elementy strefy tytułu i oznaczenia odpowiedzialności Bryce R. Shaw, Gwen Sheiton, Sandra Pryor Clarkson.
260 ## - STREFA ADRESU WYDAWNICZEGO
Miejsce wydania Boston, MA :
Nazwa wydawcy/dystrybutora Houghton Company,
Data publikacji, dystrybucji/powstania dokumentu 1981.
300 ## - STREFA OPISU FIZYCZNEGO
Objętość 321-352, 193-352 s. :
Inne cechy fizyczne wykr.,rys. ;
Rozmiary 28 cm.
521 ## - UWAGA DOTYCZĄCA PRZEZNACZENIA CZYTELNICZEGO
Przeznaczenie czytelnicze Testy i ćwiczenia do matematyki.
650 #9 - HASŁO PRZEDMIOTOWE W FORMIE NAZWY OGÓLNEJ LUB JEDNOSTKOWEJ
Nazwa ogólna lub geograficzna Matematyka
650 #9 - HASŁO PRZEDMIOTOWE W FORMIE NAZWY OGÓLNEJ LUB JEDNOSTKOWEJ
Nazwa ogólna lub geograficzna Statystyka
655 #4 - TERMIN INDEKSOWY - OKREŚLENIE RODZAJU/FORMY DOKUMENTU
Określenie rodzaju/formy dokumentu Sprawdziany i testy
700 1# - HASŁO DODATKOWE - NAZWA OSOBOWA
Nazwa osobowa SHELTON, Gwen.
700 1# - HASŁO DODATKOWE - NAZWA OSOBOWA
Nazwa osobowa CLARKSON, Sandra Pryor.
856 ## - LOKALIZACJA I DOSTĘP DO ELEKTRONICZNYCH DOKUMENTÓW ZDALNYCH
Link (URL) http://koha.tu.koszalin.pl/cgi-bin/koha/opac-detail.pl?biblionumber=35345
Tekst linku Katalog online BPK
942 ## - DODATKOWE ELEMENTY (KOHA)
Typ dokumentu Książka
Egzemplarze
Wycofany Status egzemplarza Uszkodzony Dostępność Lokalizacja stała Lokalizacja bieżąca Miejsce przechowywania Sygnatura Kod kreskowy Typ dokumentu
      W opracowaniu Biblioteka Politechniki Koszalińskiej Biblioteka Politechniki Koszalińskiej Wypożyczalnia BG D 188 02280257 Książka
© 2023 Biblioteka Politechniki Koszalińskiej :: KOHA